Canales de YouTube con 100 millones de subs - Estadísticas

Estadísticas generales
  • Esta prueba ha sido intentada 64 veces
  • La puntuación promedio es 3 de 12
Estadísticas de respuestas
Cantidad Canal % Correcto
343M MrBeast
96%
284M T-Series
58%
110M PewDiePie
56%
188M Cocomelon
21%
106M WWE
14%
181M SET India
7%
125M Like Nastya
5%
113M Zee Music Company
5%
129M Kids Diana Show
4%
132M Vlad and Niki
4%
102M Goldmines
2%
108M Stokes Twins
2%
No se encontraron pruebas coincidentes
Distribución de puntuación
Porcentaje de gente con cada puntuación
Porcentaje por número respondido
Historial de tus puntuaciones
No has intentado esta prueba.